Statistiques concernant Périphrases - Série 16

Cliquez ici pour prendre le quiz!

Statistiques générales

  • Ce quiz a été pris 115 fois
  • Le résultat moyen est 6 sur 10

Statistiques - réponses

PériphraseMot% Correct
L'auteur des MisérablesVictor Hugo
96%
La péninsule ibériqueEspagne
87%
La grosse pommeNew York
72%
Le pays des cigognes (France)Alsace
60%
Le pays des cigales (France)Provence
59%
Le plancher des vachesterre
56%
Le nerf de la guerreargent
50%
Le pays des oeilletsPortugal
40%
Le plus vieux métier du mondeprostitution
29%
L'île rougeMadagascar
17%

Distribution des résultats

Percentile par nombre de réponses

% des personnes avec chaque résultat

Votre développement - résultats

Vous n’avez pas pris ce quiz